LEADER 02676nam 2200577 450 001 9910789158203321 005 20200520144314.0 010 $a1-4214-1214-4 035 $a(CKB)3710000000082159 035 $a(EBL)3318781 035 $a(SSID)ssj0001083422 035 $a(PQKBManifestationID)12480160 035 $a(PQKBTitleCode)TC0001083422 035 $a(PQKBWorkID)11017810 035 $a(PQKB)10171308 035 $a(OCoLC)867049832 035 $a(MdBmJHUP)muse32548 035 $a(Au-PeEL)EBL3318781 035 $a(CaPaEBR)ebr10821726 035 $a(MiAaPQ)EBC3318781 035 $a(EXLCZ)993710000000082159 100 $a20130603h20142014 uy| 0 101 0 $aeng 135 $aur|n|---||||| 181 $ctxt 182 $cc 183 $acr 200 14$aThe myth of the democratic peacekeeper $ecivil-military relations and the United Nations /$fArturo C. Sotomayor 210 1$aBaltimore :$cJohns Hopkins University Press,$d[2014] 210 4$dİ2014 215 $a1 online resource (274 p.) 300 $aDescription based upon print version of record. 311 $a1-4214-1213-6 320 $aIncludes bibliographical references and index. 327 $a""Cover""; ""Contents""; ""List of Figures and Tables""; ""Acknowledgments""; ""List of Abbreviations and Acronyms""; ""INTRODUCTION: Myths and Realities of Peacekeepers in Democratic Transition""; ""1 Why Do Democratizing States Participate in Peacekeeping?""; ""2 What Is the Evidence from South America?""; ""3 Does Peacekeeping Reform Military Organizations?""; ""4 How Does Peacekeeping Socialize the Military in South America?""; ""5 How Does Peacekeeping Socialize the Military in Haiti?""; ""6 Does Peacekeeping Help Integrate Defense and Foreign Policy?"" 327 $a""CONCLUSION: Theory and Policy Implications of the UN Peacekeeping Systema???s Divergent Effects""""Notes""; ""Bibliography""; ""Index""; ""A""; ""B""; ""C""; ""D""; ""E""; ""F""; ""G""; ""H""; ""I""; ""J""; ""K""; ""L""; ""M""; ""N""; ""O""; ""P""; ""R""; ""S""; ""T""; ""U""; ""V""; ""Y""; ""Z"" 606 $aCivil-military relations 606 $aPeace-building$xInternational cooperation 606 $aDemocratization$xInternational cooperation 615 0$aCivil-military relations. 615 0$aPeace-building$xInternational cooperation. 615 0$aDemocratization$xInternational cooperation. 676 $a322/.5091724 700 $aSotomayor$b Arturo C$01549761 801 0$bMiAaPQ 801 1$bMiAaPQ 801 2$bMiAaPQ 906 $aBOOK 912 $a9910789158203321 996 $aThe myth of the democratic peacekeeper$93850671 997 $aUNINA LEADER 01895nas 2200529- 450 001 9910873697203321 005 20210125095422.0 035 $a(OCoLC)888347229 035 $a(CKB)3710000000536708 035 $a(CONSER)--2015204033 035 $a(IEEE)1803770 035 $a(EXLCZ)993710000000536708 100 $a20140822a20139999 s-- a 101 0 $aeng 135 $aur||||||||||| 181 $ctxt$2rdacontent 182 $cc$2rdamedia 183 $acr$2rdacarrier 200 10$a... IEEE International Conference on Computational Intelligence and Virtual Environments for Measurement Systems and Applications 210 1$aPiscataway, NJ :$cIEEE,$d[2013]- 300 $aProceedings of conference. 311 $a2377-9314 606 $aComputational intelligence$vCongresses 606 $aVirtual reality$vCongresses 606 $aMeasurement$vCongresses 606 $aFuzzy sets$vCongresses 606 $aMeasurement$2fast$3(OCoLC)fst01715944 606 $aComputational intelligence$2fast$3(OCoLC)fst00871995 606 $aFuzzy sets$2fast$3(OCoLC)fst00936812 606 $aVirtual reality$2fast$3(OCoLC)fst01167688 608 $aConference papers and proceedings.$2fast 615 0$aComputational intelligence 615 0$aVirtual reality 615 0$aMeasurement 615 0$aFuzzy sets 615 7$aMeasurement 615 7$aComputational intelligence. 615 7$aFuzzy sets. 615 7$aVirtual reality. 676 $a006.3 712 02$aIEEE Computational Intelligence Society, 712 02$aIEEE Instrumentation and Measurement Society, 712 02$aInstitute of Electrical and Electronics Engineers, 906 $aCONFERENCE 912 $a9910873697203321 996 $a.. IEEE International Conference on Computational Intelligence and Virtual Environments for Measurement Systems and Applications$92502577 997 $aUNINA